Normal view
MARC view
- Moore, James, Slater, Wayne
Entry Personal Name
001 - CONTROL NUMBER
- control field: 62746
003 - CONTROL NUMBER IDENTIFIER
- control field: NUST
005 - DATE AND TIME OF LATEST TRANSACTION
- control field: 20210628203005.0
008 - FIXED-LENGTH DATA ELEMENTS
- fixed length control field: 210628|| aca||aabn | a|a d
040 ## - CATALOGING SOURCE
- Original cataloging agency: NUST
- Transcribing agency: NUST
100 ## - HEADING--PERSONAL NAME
- Personal name: Moore, James, Slater, Wayne
670 ## - SOURCE DATA FOUND
- Source citation: Work cat.: (NUST): Moore, James, Slater, Wayne, Bush's brain, how karl rove made george w.bush presidential, 2003
